| 000 | 00792cam a2200193 4500 | ||
|---|---|---|---|
| 008 | 030523n2003 000 0 eng u | ||
| 035 | _a(Sirsi) u122385 | ||
| 245 | _aMcMeekin and another v Long and another | ||
| 260 | _c2003 | ||
| 490 |
_aEstates Gazette Case Summaries _v[2003] 20 EG 147 (CS) |
||
| 490 |
_aEstates Gazette _v[2003] 29 EG 120-122(3) |
||
| 520 | _aHC 4 October 2003. Claimant (M) made a claim for fraudulent representation against defendant (L) for failing to inform M about long running dispute with neighbour over use of access road. Claim allowed. | ||
| 650 | _aNEIGHBOUR DISPUTES | ||
| 650 | _aACCESS ROAD | ||
| 650 | _aFRAUDULENT MISREPRESENTATION | ||
| 650 | _aMCMEEKIN AND ANOTHER V LONG AND ANOTHER | ||
| 690 | _aPROPERTY AND LAND LAW-CASE LAW | ||
| 942 | _n0 | ||
| 999 |
_c72742 _d72742 |
||